Del internacionalismo al nacionalismo: rumbos del coflicto armado en Colombia /
Spremljeno u:
| Glavni autor: | |
|---|---|
| Format: | Tekst |
| Oznake: |
Dodaj oznaku
Bez oznaka, Budi prvi tko označuje ovaj zapis!
|
MARC
| LEADER | 00000 a a2200000 04500 | ||
|---|---|---|---|
| 001 | 10140 | ||
| 003 | |||
| 040 | |||
| 100 | |a Zuleta P., Mónica | ||
| 245 | |a Del internacionalismo al nacionalismo: |b rumbos del coflicto armado en Colombia / |c Mónica Zuleta P. | ||
| 773 | |g número 19; páginas 30-46 | ||
| 999 | |c 39306 |d 39306 | ||
